000 00502nam a2200193Ia 4500
005 20250508165629.0
008 008 250505s9999 xx 000 0 eng d
037 _aPeriodicals
040 _aFEDL
_beng
_cFEDL
041 _aeng
_2eng
084 _a634.0954, RAN
_qFEDL
100 _aRanjit Singh
245 0 _aFruits
260 _aDelhi, India
_bNational Book Trust
_c1995
300 _aviii,244p
365 _aINR
_b55
942 _cCR
_h634.0954, RAN
999 _c1396326
_d1396326